<?xml version="1.0" encoding="UTF-8"?>
<record
    xmlns:xsi="http://www.w3.org/2001/XMLSchema-instance"
    xsi:schemaLocation="http://www.loc.gov/MARC21/slim http://www.loc.gov/standards/marcxml/schema/MARC21slim.xsd"
    xmlns="http://www.loc.gov/MARC21/slim">

  <leader>00509nam a22001457a 4500</leader>
  <controlfield tag="008">230131b        |||||||| |||| 00| 0 eng d</controlfield>
  <datafield tag="020" ind1=" " ind2=" ">
    <subfield code="a">0801031125</subfield>
  </datafield>
  <datafield tag="050" ind1=" " ind2=" ">
    <subfield code="a">BR118 .G58 2016</subfield>
  </datafield>
  <datafield tag="245" ind1=" " ind2=" ">
    <subfield code="a">Globalizing theology</subfield>
    <subfield code="b">:Belief and practice in an era of world christianity edited /by Graig Ott &amp; Harold A. Netland</subfield>
  </datafield>
  <datafield tag="260" ind1=" " ind2=" ">
    <subfield code="a">Grand Rapids, Michigan</subfield>
    <subfield code="b">Baker Academics</subfield>
    <subfield code="c">2006</subfield>
  </datafield>
  <datafield tag="300" ind1=" " ind2=" ">
    <subfield code="a">382p.</subfield>
  </datafield>
  <datafield tag="650" ind1=" " ind2=" ">
    <subfield code="a">Theology </subfield>
    <subfield code="v">methodology</subfield>
  </datafield>
  <datafield tag="650" ind1=" " ind2=" ">
    <subfield code="a">Globalization</subfield>
    <subfield code="v">Religious aspects</subfield>
    <subfield code="x">Christianity</subfield>
  </datafield>
  <datafield tag="942" ind1=" " ind2=" ">
    <subfield code="2">lcc</subfield>
    <subfield code="c">BK</subfield>
  </datafield>
  <datafield tag="999" ind1=" " ind2=" ">
    <subfield code="c">19877</subfield>
    <subfield code="d">19876</subfield>
  </datafield>
  <datafield tag="952" ind1=" " ind2=" ">
    <subfield code="0">0</subfield>
    <subfield code="1">0</subfield>
    <subfield code="2">lcc</subfield>
    <subfield code="7">0</subfield>
    <subfield code="a">KABU</subfield>
    <subfield code="b">KABU</subfield>
    <subfield code="d">2023-01-31</subfield>
    <subfield code="g">1550.00</subfield>
    <subfield code="i">0311/2022</subfield>
    <subfield code="l">0</subfield>
    <subfield code="o">BR118 .G58 2016 C.1</subfield>
    <subfield code="p">031776</subfield>
    <subfield code="r">2024-08-02 00:00:00</subfield>
    <subfield code="t">C.1</subfield>
    <subfield code="w">2023-01-31</subfield>
    <subfield code="y">BK</subfield>
  </datafield>
</record>
